| 000 | nam a22 4500 | ||
|---|---|---|---|
| 999 |
_c30169 _d30169 |
||
| 008 | 190321b xxu||||| |||| 00| 0 eng d | ||
| 050 | _aLB 1139.23 .M84 2018 | ||
| 100 | _aMuema Mary Mbula | ||
| 245 | _aPlay determinants influencing acquisition of numeracy skills among early childhood learners in ECDE centres in Kathiani Sub-county, Machakos / | ||
| 260 |
_aKenya : _bMary Muema _c2018 |
||
| 300 |
_axii,95p. : _bill., Maps ; _c28cm. |
||
| 504 | _aInclude Bibliographic references | ||
| 650 |
_aAcquisition of numeracy skills _xECDE _zKathiani Sub-county |
||
| 942 |
_2lcc _cT & D _hLB 1139.23 .M84 2018 |
||